| 000 | 00510nam a2200181Ia 4500 | ||
|---|---|---|---|
| 999 |
_c16459 _d16459 |
||
| 003 | OSt | ||
| 005 | 20200606115923.0 | ||
| 008 | 190216s9999||||xx |||||||||||||| ||und|| | ||
| 020 | _a8188714348 | ||
| 040 | _cMESKC library | ||
| 082 |
_a891.433 _bDEZ/C |
||
| 100 |
_aDezso, Kosztolanyi _9264 |
||
| 245 | 0 |
_aChakori / _cKosztolanyi Dezso |
|
| 260 |
_bLittle Books Publications, _aDelhi: _c2006. |
||
| 300 | _a168p | ||
| 650 | _aHindi | ||
| 942 |
_cBK _2ddc _h891.433 _iDEZ/C _k891.433 _mDEZ/C |
||